Las clases sociales / (Record no. 10085)

000 -CABECERA
fixed length control field 00856nam a22002417a 4500
003 - IDENTIFICADOR DEL NÚMERO DE CONTROL
control field AR-CdUCM
008 - DATOS DE LONGITUD FIJA--INFORMACIÓN GENERAL
fixed length control field 190329b ||||| |||| 00| 0 spa d
040 ## - FUENTE DE LA CATALOGACIÓN
Agencia/entidad que catalogó originalmente la obra MUNICIPALIDAD PROVINCIAL DEL CUSCO
Entidad que transcribió la catalogación BIBLIOTECA MUNICIPAL DEL CUSCO
082 ## - NÚMERO DE LA CLASIFICACIÓN DECIMAL DEWEY
No. de Clasificación 323.3 /
Notacion interna H17 / 1950
100 ## - ENTRADA PRINCIPAL--NOMBRE DE PERSONA
Nombre Personal Halbwachs, Maurice
245 ## - MENCIÓN DE TÍTULO
Título Las clases sociales /
260 ## - PUBLICACIÓN, DISTRIBUCIÓN, ETC.
Lugar de publicación, distribución, etc. México, D.F :
Nombre de la editorial, distribuidor, etc. Fondo de Cultura Económica,
Fecha de publicación, distribución, etc. 1950.
300 ## - DESCRIPCIÓN FÍSICA
Nº de Páginas Extensión 181 páginas ;
Dimensiones 17 cm.
440 ## - MENCIÓN DE SERIE/PUNTO DE ACCESO ADICIONAL--TÍTULO
Título Breviarios Fondo de Cultura Económica.
Número de la parte/sección de una obra 32
9 (RLIN) 26742
505 ## - NOTA DE CONTENIDO CON FORMATO
Nota de contenido formateada Contenido: La civilización tradicional y las clases campesinas -- Los medios urbanos y la civilización industrial.
650 ## - PUNTO DE ACCESO ADICIONAL DE MATERIA--TÉRMINO DE MATERIA
Descriptor Clases sociales
9 (RLIN) 2411
650 ## - PUNTO DE ACCESO ADICIONAL DE MATERIA--TÉRMINO DE MATERIA
Descriptor Industria
9 (RLIN) 4386
650 ## - PUNTO DE ACCESO ADICIONAL DE MATERIA--TÉRMINO DE MATERIA
Descriptor Civilización
9 (RLIN) 1048
700 ## - PUNTO DE ACCESO ADICIONAL--NOMBRE DE PERSONA
Nombre Personal Aub, Max (traducción)
9 (RLIN) 26743
942 ## - ELEMENTOS DE PUNTO DE ACCESO ADICIONAL (KOHA)
Fuente de clasificación
Tipo de item Libros-BMC
945 ## - PROCESAMIENTO DE INFORMACIÓN LOCAL (OCLC)
Catalogador achl
Holdings
Estado de retiro (separado) Fuente de clasificación o esquema de estanterías Estado dañado Ubicación Sala donde se ubica Nombre de la colección Fecha de adquisición o compra Costo, precio normal en soles Signatura topográfica Código de Barras Última vez visto (Koha) Tipo de ítem (Koha)
No     Sala Cusco Antiguo Sala Cusco Antiguo Book Cart 2019-03-29 40.00 323.3 / H17 / 1950 SCA0000547 2019-03-29 Libros-BMC

Powered by Koha